Itinerario del desarrollo económico y social de Chile: 1973-1979

-д хадгалсан:
Номзүйн дэлгэрэнгүй
Байгууллагын зохиогч: Presidencia de la República. Oficina de Planificación Nacional (Зохиогч)
Формат: Ном
Хэл сонгох:испани
Хэвлэсэн: Santiago ODEPLAN 1980
Нөхцлүүд:
Шошгууд: Шошго нэмэх
Шошго байхгүй, Энэхүү баримтыг шошголох эхний хүн болох!

MARC

LEADER 00000nam a2200000 a 4500
001 UCQ2147
003 CL-VaPUC
008 980721e19800400CL |||||||||||||||||spa|d
082 0 4 |a 338.9  |b PRE  |2 21 
110 2 |a Presidencia de la República. Oficina de Planificación Nacional  |e author  |9 416081 
245 1 0 |a Itinerario del desarrollo económico y social de Chile: 1973-1979 
300 |a 82 p 
942 |c BK 
945 |d 19980721 00:00:00  |a crobeson 
260 |a Santiago  |b ODEPLAN  |c 1980 
650 0 |a Desarrollo económico y social   |9 256320 
650 7 |a POLITICA DE DESARROLLO  |2 CL-VaPUC  |9 335853 
650 7 |a ESTRATEGIAS DE DESARROLLO  |2 CL-VaPUC  |9 416082 
650 0 |a Política gubernamental  |9 262286 
650 7 |a PROGRAMAS DE DESARROLLO  |2 CL-VaPUC  |9 335854 
651 7 |a CHILE  |2 CL-VaPUC  |9 416083 
583 |a last modification  |c 19980721 00:00:00  |k Rodrigo Vera 
999 |c 272988  |d 272986 
952 |0 0  |1 0  |4 0  |6 338_900000000000000_PRE_1980  |7 0  |8 A  |9 308225  |a BIBENE  |b BIBENE  |d 2019-11-20  |i 1439545  |o 338.9 PRE 1980  |p 1439545  |r 2025-01-15  |w 2019-11-20  |y BK  |k ICO